Movies Quiz

Random Movies or Actor Quiz

Jeff Goldblum's Directors Quiz Stats

Quiz not verified by Sporcle

Challenge
Share
Tweet
Embed
Score 0/7 Timer 05:00
0 Plays Today
Last Word of Film Titles The Director % Correct
Zissou HotelWes Anderson
92.3%
Split Nashville TherapyRobert Altman
80.8%
Park ParkSteven Spielberg
80.8%
Chill SilveradoLawrence Kasdan
44.2%
Wish SentinelMichael Winner
36.5%
Snatchers StuffPhilip Kaufman
34.6%
Glory Week-EndRoger Michell
21.2%

You're not logged in!

Compare scores with friends on all Sporcle quizzes.
Sign Up with Email
OR
Log In

You Might Also Like...

Show Comments

Extras

Top Quizzes Today


Score Distribution

Your Account Isn't Verified!

In order to create a playlist on Sporcle, you need to verify the email address you used during registration. Go to your Sporcle Settings to finish the process.